Top 100 MLB Players (of May 2019) - Statistics

General Stats
  • This quiz has been taken 366 times
  • The average score is 54 of 100
Answer Stats
Hint Answer % Correct
Angles OF Mike Trout
100%
Brewers OF Christian Yelich
97%
Red Sox OF Mookie Betts
97%
Yankees OF Aaron Judge
95%
Astros 2B Jose Altuve
95%
Nationals SP Max Scherzer
95%
Dodgers SP Clayton Kershaw
94%
Dodgers OF Cody Bellinger
94%
Cubs 3B Kris Bryant
94%
Astros 3B Alex Bregman
92%
Pirates 1B Josh Bell
92%
Mets 1B Pete Alonso
92%
Phillies OF Bryce Harper
87%
Padres SS Manny Machado
87%
Cubs SS Javier Baez
86%
Indians SS Francisco Lindor
85%
Astros SP Gerrit Cole
83%
Rockies 3B Nolan Arenado
82%
Nationals SP Stephen Strasburg
77%
Cardinals 1B Paul Goldschmidt
76%
Cubs 1B Anthony Rizzo
75%
Red Sox SP Chris Sale
75%
Braves 1B Freddie Freeman
75%
Dodgers 3B Justin Turner
75%
Nationals SS Trea Turner
75%
Astros SP Justin Verlander
74%
Indians 3B Jose Ramirez
72%
Yankees RP Aroldis Chapman
71%
Astros SS Carlos Correa
71%
Athletics 3B Matt Chapman
71%
Braves OF Ronald Acuna Jr.
70%
Mets SP Jacob DeGrom
69%
Rockies SS Trevor Story
69%
Yankees C Gary Sanchez
67%
Astros OF George Springer
66%
Giants C Buster Posey
65%
Dodgers SS Corey Seager
64%
Yankees 2B/SS Gleyber Torres
64%
Nationals 3B Anthony Rendon
63%
Mariners 3B Kyle Seager
63%
Diamondbacks 2B Ketel Marte
61%
Twins DH Nelson Cruz
61%
Rockies OF Charlie Blackmon
60%
Reds 1B Joey Votto
60%
White Sox SS Tim Anderson
60%
Indians SP Corey Kluber
58%
White Sox 1B Jose Abreu
58%
Giants SP Madison Bumgarner
57%
Blue Jays 3B Vladmir Guerrero Jr.
57%
Cubs C Wilson Contreras
57%
Rays SP Blake Snell
56%
Phillies C JT Realmuto
56%
Royals 2B Whit Merrifield
56%
Red Sox OF JD Martinez
55%
Dodgers SP Walker Buehler
54%
Yankees 2B DJ LeMahieu
53%
Phillies SP Aaron Nola
51%
Mets RP Edwin Diaz
50%
Angels SS Andrelton Simmons
49%
Dodgers SP Hyun Jin Ryu
48%
Brewers RP Josh Hader
48%
Dodgers RP Kenley Jansen
48%
Red Sox SS Xander Bogaerts
47%
Padres 1B Eric Hosmer
45%
Giants 1B Brandon Belt
42%
Rangers OF Joey Gallo
42%
Cardinals SS Paul DeJong
42%
Brewers OF Lorenzo Cain
39%
Athletics OF Khris Davis
38%
Cardinals OF Marcell Ozuna
37%
Angels OF Justin Upton
36%
Rays SP Charlie Morton
34%
Red Sox OF Andrew Benintendi
31%
Rays OF Tommy Pham
31%
Rangers SS Elvis Andrus
30%
Orioles OF Trey Mancini
30%
Marlins SP Caleb Smith
29%
Indians SP Carlos Carrasco
29%
White Sox SP Lucas Giolito
29%
Mariners OF Mitch Haniger
29%
Twins OF Eddie Rosario
27%
Mariners 1B Daniel Vogelbach
26%
Phillies OF Rhys Hoskins
26%
Diamondbacks OF David Peralta
25%
Yankees SP Domingo German
25%
Mets OF Jeff McNeil
25%
Reds SP Luis Castillo
24%
Rays OF Austin Meadows
23%
Reds C Tucker Barnhart
23%
Padres SP Chris Paddack
18%
Braves 3B Austin Riley
17%
Padres OF Hunter Renfroe
17%
Dodgers OF Alex Verdugo
13%
Twins SP Jake Odorizzi
12%
Reds 3B Nick Senzel
10%
Angels 3B Tommy La Stella
9%
Twins SS Jorge Polonco
6%
Reds OF Derek Dietrich
4%
Free Agent SP Bartolo Colon
2%
Rays RP Yonny Chirinos
2%
No matching quizzes found
Score Distribution
Percent of People with Each Score
Percentile by Number Answered
Your Score History
You have not taken this quiz